Statistics for Top 100 NBA Players 2019

Click here to take the quiz!

General Stats

  • This quiz has been taken 6,452 times
  • The average score is 56 of 100

Answer Stats

#ChangeTeamAnswer% Correct
35 ↑RocketsJames Harden
99%
1LakersLeBron James
99%
22 ↑WarriorsStephen Curry
99%
4T2 ↓WarriorsKevin Durant
98%
4T5 ↑BucksGiannis Antetokounmpo
97%
72 ↓ThunderRussel Westbrook
97%
6PelicansAnthony Davis
96%
108 ↑Trail BlazersDamian Lillard
95%
923 ↑76ersJoel Embiid
95%
85 ↓RaptorsKawhi Leonard
95%
114 ↓RocketsChris Paul
93%
19WarriorsKlay Thompson
93%
124 ↑NuggetsNikola Jokic
93%
166 ↓WarriorsDraymond Green
91%
175 ↓TimberwolvesKarl Anthony-Towns
90%
13ThunderPaul George
90%
9738 ↓RaptorsDanny Green
88%
205 ↑CelticsKyrie Irving
87%
1866 ↑76ersBen Simmons
86%
24n/aCelticsJayson Tatum
85%
21RaptorsKyle Lowry
84%
239 ↓JazzRudy Gobert
84%
22n/aJazzDonovan Mitchell
83%
143 ↓TimberwolvesJimmy Butler
83%
251 ↑CavaliersKevin Love
82%
291 ↓WizardsBradley Beal
81%
3129 ↑SunsDevin Booker
81%
3217 ↓WizardsJohn Wall
81%
277 ↑HornetsKemba Walker
81%
39SpursDeMar DeRozan
78%
339 ↓PistonsBlake Griffin
76%
302 ↑Trail BlazersCJ McCollum
76%
37n/aCelticsJaylen Brown
76%
35BucksKhris Middleton
76%
1563 ↑PacersVictor Oladipo
76%
2626 ↑PelicansJrue Holiday
73%
346 ↑CelticsAl Horford
70%
45n/aNuggetsJamal Murray
70%
64n/aSpursDejounte Murray
68%
2817 ↑SpursLaMarcus Aldridge
68%
3634 ↑RocketsClint Capela
67%
5122 ↓GrizzliesMarc Gasol
66%
4127 ↑MagicAaron Gordon
65%
467 ↑PistonsAndre Drummond
65%
4220 ↑RocketsEric Gordon
65%
621 ↑LakersLonzo Ball
64%
4421 ↓GrizzliesMike Conley
63%
471 ↓ThunderSteven Adams
63%
4020 ↓CelticsGordon Hayward
62%
4343 ↑NuggetsGary Harris
61%
60n/aClippersTobias Harris
61%
54n/aLakersBrandon Ingram
58%
7013 ↓TimberwolvesAndrew Wiggins
57%
6952 ↓WarriorsDeMarcus Cousins
57%
63n/aMavericksLuka Doncic
57%
4812 ↓PacersMyles Turner
53%
5836 ↓KnicksKristaps Porzingis
50%
5510 ↑CelticsMarcus Smart
50%
729 ↑ClippersLou Williams
49%
71n/aLakersKyle Kuzma
43%
5619 ↓BucksEric Bledsoe
42%
6522 ↑76ersJJ Redick
42%
384 ↑WizardsOtto Porter Jr.
42%
7531 ↓Trail BlazersJusuf Nurkic
41%
89n/aPacersDomantas Sabonis
39%
84n/aPelicansJulius Randle
39%
5932 ↓NuggetsPaul Millsap
39%
6114 ↓HeatGoran Dragic
37%
53n/aJazzJoe Ingles
37%
86n/aPacersThadeus Young
36%
7330 ↓WarriorsAndre Iguodala
35%
524 ↓JazzRicky Rubio
35%
8050 ↓MavericksDeAndre Jordan
33%
66n/aBullsLauri Markkanen
28%
9034 ↓BucksMalcom Brogdon
28%
496 ↑76ersRobert Covington
28%
82n/aCelticsTerry Rozier
26%
74n/aRaptorsFred VanVleet
25%
67n/aHeatJosh Richardson
24%
8311 ↑JazzDerick Favors
23%
57n/a76ersDario Saric
21%
95n/aKnicksEnes Kanter
21%
99n/aMagicEvan Fournier
20%
76n/aNetsSpencer Dinwiddie
20%
68n/aNuggetsWill Barton
20%
7921 ↓MavericksHarrison Barnes
19%
9825 ↓TimberwolvesJeff Teague
19%
81n/aKnicksTim Hardaway Jr.
18%
9218 ↓LakersKentavious Caldwell-Pope
17%
937 ↓76ersMarkelle Fultz
17%
9125 ↓HornetsNicolas Batum
16%
787 ↑ThunderAndre Roberson
15%
5038 ↑PelicansNikola Mirotic
15%
96n/aHeatJustice Winslow
14%
100n/aTrail BlazersAl-Farouq Aminu
13%
94n/aPacersDarren Collison
11%
77n/aRaptorsOG Anunoby
10%
87n/aPacersTyreke Evans
9%
85n/aGrizzliesKyle Anderson
8%
88n/aHeatKelly Olynyk
7%

Score Distribution

Percentile by Number Answered

Percent of People with Each Score

Your Score History

You have not taken this quiz